000 00650nam a2200217Ii 4500
003 JO-AjNU
008 230605s9999||||xx |||||||||||||| ||und||
040 _aJO-AjNU
_bara
_erda
_cJO-AjNU
041 _aara
050 1 4 _aPJ7852.A36.A17 1993
100 3 _aتأليف هدى، نادر,
_eauthor
_945364
245 0 0 _aمزامير الريح: شعر
250 _aط1
264 3 1 _aبيروت:دار الحداثة،1993
300 _a95ص
336 _atext
_btxt
_2rdacontent
337 _aunmediated
_bn
_2rdamedia
338 _avolume
_bnc
_2rdacarrier
490 0 _aالسلسلة الشعرية
650 4 _aالشعر العربي
_945365
999 _aA19658
_c23226
_d23226